000
00223 a2200097 4500
001
22487
100
_a
French, T E
245
_a
Fundamentals of engineering drawing
260
_a
_b
McGraw-Hill
_c
1960
090
_c
15198
_d
15198
942
_a
NUST-CAE
_c
M
_c
5778
999
_c
257560
_d
257560